Loneliness and anxiety : (Record no. 10640)

MARC details
000 -LEADER
fixed length control field 02050cam a22005415i 4500
001 - CONTROL NUMBER
control field 23931448
003 - CONTROL NUMBER IDENTIFIER
control field GBCCL
005 - DATE AND TIME OF LATEST TRANSACTION
control field 20250227135420.0
008 - FIXED-LENGTH DATA ELEMENTS--GENERAL INFORMATION
fixed length control field 230908s2023 ii a b 000 0 eng d
020 ## - INTERNATIONAL STANDARD BOOK NUMBER
International Standard Book Number 9789395457453
Qualifying information (HB)
020 ## - INTERNATIONAL STANDARD BOOK NUMBER
International Standard Book Number 9395457457
020 ## - INTERNATIONAL STANDARD BOOK NUMBER
International Standard Book Number 9789395457460
Qualifying information (PB)
020 ## - INTERNATIONAL STANDARD BOOK NUMBER
International Standard Book Number 9395457465
025 ## - OVERSEAS ACQUISITION NUMBER
Overseas acquisition number I-E-2024366412; 03; 88-90
035 ## - SYSTEM CONTROL NUMBER
System control number (OCoLC)on1397053261
035 ## - SYSTEM CONTROL NUMBER
System control number (OCoLC)1397053261
037 ## - SOURCE OF ACQUISITION
Source of stock number/acquisition Library of Congress -- New Delhi Overseas Office
040 ## - CATALOGING SOURCE
Original cataloging agency DKAGE
Language of cataloging eng
Description conventions rda
Transcribing agency DKAGE
Modifying agency OCLCO
-- OCLCF
-- DLC
082 04 - DEWEY DECIMAL CLASSIFICATION NUMBER
Classification number 253.5
Edition information 23
Item number LON 1
100 1# - MAIN ENTRY--PERSONAL NAME
Personal name Longkumer, Moakumla,
Relator term author.
245 10 - TITLE STATEMENT
Title Loneliness and anxiety :
Remainder of title a psycho-pastoral analysis /
Statement of responsibility, etc. Moakumla Longkumer ; with inputs from Nishi Tripathi.
264 #1 - PRODUCTION, PUBLICATION, DISTRIBUTION, MANUFACTURE, AND COPYRIGHT NOTICE
Place of production, publication, distribution, manufacture Delhi :
Name of producer, publisher, distributor, manufacturer Christian World Imprints,
Date of production, publication, distribution, manufacture, or copyright notice 2023.
300 ## - PHYSICAL DESCRIPTION
Extent xxx, 161 pages :
Other physical details illustrations (black and white) ;
Dimensions 24 cm
336 ## - CONTENT TYPE
Content type term text
Content type code txt
Source rdacontent
337 ## - MEDIA TYPE
Media type term unmediated
Media type code n
Source rdamedia
338 ## - CARRIER TYPE
Carrier type term volume
Carrier type code nc
Source rdacarrier
504 ## - BIBLIOGRAPHY, ETC. NOTE
Bibliography, etc. note Includes bibliographical references (pages 141-155).
647 #7 - SUBJECT ADDED ENTRY--NAMED EVENT
Source of heading or term fast
Authority record control number or standard number (OCoLC)fst02024716
648 #7 - SUBJECT ADDED ENTRY--CHRONOLOGICAL TERM
Chronological term Since 2020
Source of heading or term fast
650 #0 - SUBJECT ADDED ENTRY--TOPICAL TERM
Topical term or geographic name entry element COVID-19 Pandemic, 2020-
General subdivision Psychological aspects.
650 #0 - SUBJECT ADDED ENTRY--TOPICAL TERM
Topical term or geographic name entry element COVID-19 Pandemic, 2020-
General subdivision Social aspects.
650 #0 - SUBJECT ADDED ENTRY--TOPICAL TERM
Topical term or geographic name entry element Anxiety.
650 #0 - SUBJECT ADDED ENTRY--TOPICAL TERM
Topical term or geographic name entry element Mental health.
650 #0 - SUBJECT ADDED ENTRY--TOPICAL TERM
Topical term or geographic name entry element Loneliness
General subdivision Psychological aspects.
650 #0 - SUBJECT ADDED ENTRY--TOPICAL TERM
Topical term or geographic name entry element Loneliness
General subdivision Social aspects.
650 #6 - SUBJECT ADDED ENTRY--TOPICAL TERM
Topical term or geographic name entry element Pandémie de COVID-19, 2020-
General subdivision Aspect psychologique.
650 #6 - SUBJECT ADDED ENTRY--TOPICAL TERM
Topical term or geographic name entry element Pandémie de COVID-19, 2020-
General subdivision Aspect social.
650 #6 - SUBJECT ADDED ENTRY--TOPICAL TERM
Topical term or geographic name entry element Solitude
General subdivision Aspect psychologique.
650 #6 - SUBJECT ADDED ENTRY--TOPICAL TERM
Topical term or geographic name entry element Solitude
General subdivision Aspect social.
650 #7 - SUBJECT ADDED ENTRY--TOPICAL TERM
Topical term or geographic name entry element Anxiety.
Source of heading or term fast
Authority record control number or standard number (OCoLC)fst00810950
650 #7 - SUBJECT ADDED ENTRY--TOPICAL TERM
Topical term or geographic name entry element Loneliness
General subdivision Psychological aspects.
Source of heading or term fast
Authority record control number or standard number (OCoLC)fst01002216
650 #7 - SUBJECT ADDED ENTRY--TOPICAL TERM
Topical term or geographic name entry element Loneliness
General subdivision Social aspects.
Source of heading or term fast
Authority record control number or standard number (OCoLC)fst01002224
650 #7 - SUBJECT ADDED ENTRY--TOPICAL TERM
Topical term or geographic name entry element Mental health.
Source of heading or term fast
Authority record control number or standard number (OCoLC)fst01016339
700 1# - ADDED ENTRY--PERSONAL NAME
Personal name Tripathi, Nishi,
Relator term author.
906 ## - LOCAL DATA ELEMENT F, LDF (RLIN)
a 7
b par
c copycat
d 3
e ncip
f 20
g y-gencatlg
942 ## - ADDED ENTRY ELEMENTS (KOHA)
Source of classification or shelving scheme Dewey Decimal Classification
Koha item type Books
Suppress in OPAC No
Holdings
Withdrawn status Lost status Source of classification or shelving scheme Damaged status Not for loan Collection Home library Current Library Shelving location Date acquired Source of acquisition Total checkouts Full call number Barcode Date last seen Date last checked out Copy number Price effective from Koha item type
    Dewey Decimal Classification     Ministry GRACE BIBLE COLLEGE GRACE BIBLE COLLEGE North East Collection 2025-02-24 CWI 1 253.5 LON 016769 2025-07-28 2025-07-24 c.1 2025-02-24 Books
© Grace Bible College Library 2025